A New English Grammar / (Record no. 8828)
[ view plain ]
| 000 -LEADER | |
|---|---|
| fixed length control field | 00638nam a22002292a 4500 |
| 001 - CONTROL NUMBER | |
| JCCL Control Number | 8828 |
| 003 - CONTROL NUMBER IDENTIFIER | |
| JCCL marc code | BD - JhCC |
| 005 - DATE AND TIME OF LATEST TRANSACTION | |
| control field | 20231107094854.0 |
| 008 - FIXED-LENGTH DATA ELEMENTS--GENERAL INFORMATION | |
| fixed length control field | 860101s1921 enk 000 0 eng d |
| 035 ## - SYSTEM CONTROL NUMBER | |
| system control number | (BD - JhCC)8828 |
| 040 ## - CATALOGING SOURCE | |
| Original cataloging agency | NOC |
| Transcribing agency | NOC |
| Modifying agency | EQO |
| -- | BD - JhCC |
| 041 ## - LANGUAGE CODE | |
| Language code of Book | eng |
| 082 ## - DEWEY DECIMAL CLASSIFICATION NUMBER | |
| Author mark and Year | MOR 1921 |
| 100 1# - MAIN ENTRY--PERSONAL NAME | |
| Personal name | Morgan, R. B. |
| Fuller form of name | (Robert Burns) |
| 245 14 - TITLE STATEMENT | |
| Title | A New English Grammar / |
| Statement of responsibility, etc | by R.B. Morgan ; with an introduction by S.O. Andrew |
| 260 ## - PUBLICATION, DISTRIBUTION, ETC. (IMPRINT) | |
| Place of publication, distribution, etc | London : |
| Name of publisher, distributor, etc | John Murray, |
| Date of publication, distribution, etc | 1921 |
| 300 ## - PHYSICAL DESCRIPTION | |
| Pagination | 62 p. ; |
| Dimensions | 19 cm |
| 500 ## - GENERAL NOTE | |
| General note | Murray file copy no. 254 |
| 650 #0 - SUBJECT ADDED ENTRY--TOPICAL TERM | |
| Topical term or geographic name as entry element | English language |
| General subdivision | Grammar |
| 942 ## - ADDED ENTRY ELEMENTS (KOHA) | |
| Source of classification or shelving scheme | Dewey Decimal Classification |
| Koha item type | Books |
| Source of classification or shelving scheme | Damaged status | Not for loan | Home library | Current library | Shelving location | Date of accession | Full call number | Barcode | Date last seen | Copy number | Method of acquisition | Koha item type |
|---|---|---|---|---|---|---|---|---|---|---|---|---|
| Dewey Decimal Classification | JCC Rouf Library | JCC Rouf Library | General Stacks | 11/07/2023 | 428.249 MOR 1921 | 11480 | 03/04/2018 | C - 1 | Purchase | Books |